01055nam a2200301Ia 450000500170000000800410001702000190005810000180007724500850009525000400018030000510022049000210027150000320029252100610032465000400038565000420042565000280046765000280049570000330052394200150055626400330057133600270060433700330063133800280066404000350069208400110072799900150073820220317001031.0160825s2007 ck a g 000 0 spa  a978958300650121 aRuiz, Clarisa14aLos meses del año son ... cClarisa Ruiz, Yolanda Reyes ; ilustrado por Alekos a1a. edición b4a. reimpresión  a48 páginas bilustraciones en color c18 cm  aQue pase el tren aIncluye datos biográficos aRecomendado para un público infantil mayor de 7 años142LEMBaPoesía infantil colombiana 14aLiteratura infantil colombiana 2LEMB14aJuegos de lectura2LEMB14aJuegos educativos2LEMB1 aReyes, Yolandad1959-964714 2loccBKINF aBogotábPanamericanac2007 atextobtxt2rdacontent asin mediaciónbn2rdamedia avolumenbnc2rdacarrier aCO-BoRNBPbspaerdacCO-BoRNBP aP RUI2 c5735d5735